01449cam a2200361 a 450000100060000000300080000600500170001400800410003103500190007204000640009104100080015505100220016308200220018524500950020724600280030226000780033030000330040849000410044150000240048250400510050665000320055765000250058965000260061465000470064065000400068765000410072783000200076871000430078883000820083194200120091399900170092595201450094213969BD-RjUL20211208235539.0140203s1948 dcua b f001 0 eng c a(BD-RjUL)14021 aU.S. Dept. of Agricultuire. LibrarycDLCdDLCdBD-RjULbeng aeng aS21b.A46 no. 65400a634.9562220bWOO00aWoody-plant seed manual /cprepared by the Forest Service, U.S. Department of Agriculture.3 aWoody plant seed manual aWashington, D.C. :bU.S. G.P.O. :bFor sale by the Supt. of Docs.,c1948. avi, 416 p. :bill. ;c27 cm.1 aMiscellaneous publication ;vno. 654 a"Issued June 1948." aIncludes bibliographical references and index. 0aWoody plantsxSeeds.943667 0aTreesxSeeds.943668 0aShrubsxSeeds.943669 0aWoody plantsxSeedszUnited States.943670 0aTreesxSeedszUnited States.943671 0aShrubsxSeedszUnited States.943672 0vno. 654.9436781 aUnited States.bForest Service.943674 0aMiscellaneous publication (United States. Department of Agriculture) ;943679 2ddccBK c13969d13969 00102ddc40718NFICaRUCLbRUCLcReadingd1958-03-01eU.S.I.S. Daccag0.00l0o634.9562 WOO 1948r2014-02-03 00:00:00tC-1w2014-02-03yBK